<?xml version="1.0" encoding="UTF-8"?>
<record
    xmlns:xsi="http://www.w3.org/2001/XMLSchema-instance"
    xsi:schemaLocation="http://www.loc.gov/MARC21/slim http://www.loc.gov/standards/marcxml/schema/MARC21slim.xsd"
    xmlns="http://www.loc.gov/MARC21/slim">

  <leader>00777nam a22002177a 4500</leader>
  <controlfield tag="005">20150526162504.0</controlfield>
  <controlfield tag="008">140714b        xxu||||| |||| 00| 0 Urdu d</controlfield>
  <datafield tag="010" ind1=" " ind2=" ">
    <subfield code="a">UR-8978</subfield>
  </datafield>
  <datafield tag="020" ind1=" " ind2=" ">
    <subfield code="c">20.00</subfield>
    <subfield code="a">9788184662306</subfield>
  </datafield>
  <datafield tag="035" ind1=" " ind2=" ">
    <subfield code="a">U-7533</subfield>
  </datafield>
  <datafield tag="037" ind1=" " ind2=" ">
    <subfield code="b">BPPD/Pub/Ven</subfield>
  </datafield>
  <datafield tag="040" ind1=" " ind2=" ">
    <subfield code="a">DPL</subfield>
    <subfield code="b">Urdu</subfield>
  </datafield>
  <datafield tag="082" ind1=" " ind2=" ">
    <subfield code="a">181.45</subfield>
  </datafield>
  <datafield tag="100" ind1=" " ind2=" ">
    <subfield code="a">&#x6A9;&#x627; &#x634;&#x6CC; &#x646;&#x627; &#x62A;&#x6BE; &#x627; &#x67E;&#x627; &#x62F; &#x6BE;&#x64A;&#x627; &#x6D3;</subfield>
  </datafield>
  <datafield tag="245" ind1=" " ind2=" ">
    <subfield code="a">&#x67E;&#x631; &#x645; &#x67E;&#x627; &#x631; &#x633; &#x6AF;&#x648; &#x631;&#x648; &#x631;&#x648; &#x64A;&#x62F; &#x627; &#x633;</subfield>
    <subfield code="c">&#x6A9;&#x627; &#x634;&#x6CC; &#x646;&#x627; &#x62A;&#x6BE; &#x627; &#x67E;&#x627; &#x62F; &#x6BE;&#x64A;&#x627; &#x6D3;</subfield>
  </datafield>
  <datafield tag="246" ind1=" " ind2="h">
    <subfield code="a">Param Paras Gururavidas</subfield>
    <subfield code="b">By Kashi Nath Upadhyay</subfield>
  </datafield>
  <datafield tag="260" ind1=" " ind2=" ">
    <subfield code="b">Radhaswami Sathsang Beays</subfield>
    <subfield code="c">2013</subfield>
    <subfield code="a">Punjab</subfield>
  </datafield>
  <datafield tag="270" ind1=" " ind2=" ">
    <subfield code="a">J.C.Secretary Radha SoamiSatsang Beas Dera baba Jaimal Singh </subfield>
    <subfield code="b">Punjab</subfield>
    <subfield code="k"> -</subfield>
    <subfield code="e">143204</subfield>
  </datafield>
  <datafield tag="300" ind1=" " ind2=" ">
    <subfield code="a">271&#x635;</subfield>
    <subfield code="c">22Cm (Hb)</subfield>
  </datafield>
  <datafield tag="942" ind1=" " ind2=" ">
    <subfield code="2">ddc</subfield>
    <subfield code="c">UR</subfield>
    <subfield code="e"> </subfield>
    <subfield code="h">181.45</subfield>
    <subfield code="m">&#x6A9; &#x627; &#x634;</subfield>
  </datafield>
  <datafield tag="999" ind1=" " ind2=" ">
    <subfield code="c">93953</subfield>
    <subfield code="d">93953</subfield>
  </datafield>
  <datafield tag="952" ind1=" " ind2=" ">
    <subfield code="0">0</subfield>
    <subfield code="1">0</subfield>
    <subfield code="2">ddc</subfield>
    <subfield code="4">0</subfield>
    <subfield code="7">1</subfield>
    <subfield code="8">NFIC</subfield>
    <subfield code="a">DBAD</subfield>
    <subfield code="b">DBAD</subfield>
    <subfield code="d">2015-05-26</subfield>
    <subfield code="e">DBAD/Pub.</subfield>
    <subfield code="g">20.00</subfield>
    <subfield code="l">0</subfield>
    <subfield code="o">181.45 &#x6A9; &#x627; &#x634;</subfield>
    <subfield code="p">U-7533</subfield>
    <subfield code="r">2015-05-26 00:00:00</subfield>
    <subfield code="t">1</subfield>
    <subfield code="v">20.00</subfield>
    <subfield code="w">2015-05-26</subfield>
    <subfield code="y">UR</subfield>
  </datafield>
</record>
